000 00945nam a2200229Ii 4500
003 JO-AjNU
008 230605s9999||||xx |||||||||||||| ||und||
017 _a2014/2418
020 _a978-977-232-405-8
040 _aJO-AjNU
_bara
_erda
_cJO-AjNU
041 _aara
050 1 4 _aBP144.D4 2014
100 3 _aالذهبي، شمس الدين أبي عبد الله محمد بن احمد؛ تحقيق واخراج احاديث وتعليق عبد الله عطا عمر,
_eauthor
_941855
245 0 0 _aالكبائر
250 _aط1
264 3 1 _aالقاهرة: المكتبة التوفيقية، 2014
300 _a264ص
336 _atext
_btxt
_2rdacontent
337 _aunmediated
_bn
_2rdamedia
338 _avolume
_bnc
_2rdacarrier
650 4 _aالكبائر- الاخلاق الاسلامية- الدعوة الاسلامية- الحسنات والسيئات- الامر بالمعروف والنهي عن المنكر
_941856
999 _aA17879
_c21447
_d21447